000 00679nam a2200217Ia 4500
003 GCL
008 140319s9999 xx 000 0 ara d
040 _aGCL /
_cGCL
082 0 4 _a614.7
_bم ج
100 1 _aميلانوفا, ى . ف
245 1 0 _aالجوانب الجغرافية فى حماية الطبيعة /
_cميلانوفا, ى . ف
700 1 _aريابتشيكوف، ا . م
700 1 _aامين طربوش
300 _a276 ص
490 _aالهيئة العامة للاستعلامات
_v0
650 0 4 _aالبيئة
650 0 4 _aحماية البيئة
650 0 4 _aصحة البيئة
650 0 4 _aحماية الطبيعة
942 _2ddc
_cBK
999 _c51065
_d51065